00535pam a2200181 a 4500001000800000005001700008008004100025010001700066020002800083040001800111041000800129080001100137082001500148100000600163101000800169245012500177504005100302307173520180822051139.0970729s1998 gw a bf 001 0 eng  a 97030417  a3540627634 (alk. paper) aDLCcDLCdDLC aeng a617.5600a617.562211 a5 aKIR10aAO ASIF principles in spine surgery /cM. Aebi, J.S. Thalgott, J.K. Webb ; with contributions by M. Goytan ... [et al.]. aIncludes bibliographical references and index.